The hangover / (Record no. 55957)
[ view plain ]
| 000 -LEADER | |
|---|---|
| fixed length control field | 04301nam a22005897a 4500 |
| 001 - CONTROL NUMBER | |
| control field | DVD-007351-359 |
| 005 - DATE AND TIME OF LATEST TRANSACTION | |
| control field | 20110824135915.0 |
| 006 - FIXED-LENGTH DATA ELEMENTS--ADDITIONAL MATERIAL CHARACTERISTICS--GENERAL INFORMATION | |
| fixed length control field | a|||||r|||||00| 0 |
| 007 - PHYSICAL DESCRIPTION FIXED FIELD--GENERAL INFORMATION | |
| fixed length control field | vd bvaizu |
| 008 - FIXED-LENGTH DATA ELEMENTS--GENERAL INFORMATION | |
| fixed length control field | 091030s2008 ii 137 g vleng |
| 010 ## - LIBRARY OF CONGRESS CONTROL NUMBER | |
| LC control number | DVD-007351-359 |
| 024 ## - OTHER STANDARD IDENTIFIER | |
| Standard number or code | 14/Z36 Y25241 |
| Terms of availability | 599.00 |
| 035 ## - SYSTEM CONTROL NUMBER | |
| System control number | DVD-007351-359 |
| 040 ## - CATALOGING SOURCE | |
| Original cataloging agency | DLC |
| Transcribing agency | DLC |
| Modifying agency | DLC |
| Description conventions | amim |
| 082 ## - DEWEY DECIMAL CLASSIFICATION NUMBER | |
| Classification number | DVD / HANG |
| 245 00 - TITLE STATEMENT | |
| Title | The hangover / |
| Statement of responsibility, etc | Produced by Warner Bros, directed by Tood Philips; music by Christophe Beck |
| 257 ## - COUNTRY OF PRODUCING ENTITY FOR ARCHIVAL FILMS | |
| Country of producing entity | India. |
| 260 ## - PUBLICATION, DISTRIBUTION, ETC. (IMPRINT) | |
| Place of publication, distribution, etc | Mumbai : |
| Name of publisher, distributor, etc | Reliance Big Entertainment, |
| 260 ## - PUBLICATION, DISTRIBUTION, ETC. (IMPRINT) | |
| Name of publisher, distributor, etc | Warner Bros. Entertainment |
| Date of publication, distribution, etc | c2009 |
| 300 ## - PHYSICAL DESCRIPTION | |
| Extent | 1 videodisc of 1 (DVD) : (94 min.) |
| Other physical details | sd., b&w ; |
| Dimensions | 4 3/4 in. |
| Materials specified | viewing copy. |
| 440 ## - SERIES STATEMENT/ADDED ENTRY--TITLE | |
| 9 (RLIN) | 33466 |
| 500 ## - GENERAL NOTE | |
| General note | Copyright notice on container: Moser baer |
| 500 ## - GENERAL NOTE | |
| General note | Originally released theatrically in 1967. |
| 500 ## - GENERAL NOTE | |
| General note | Summary taken from IMDB.com. |
| 511 1# - PARTICIPANT OR PERFORMER NOTE | |
| Participant or performer note | Zach Galifianakis, Bradley Cooper and Justin Bartha |
| 520 ## - SUMMARY, ETC. | |
| Summary, etc | Angelenos Doug Billings and Tracy Garner are about to get married. Two days before the wedding, the four men in the wedding party - Doug, Doug's two best buddies Phil Wenneck and Stu Price, and Tracy's brother Alan Garner - hop into Tracy's father's beloved Mercedes convertible for a 24-hour stag party to Las Vegas. Phil, a married high school teacher, has the same maturity level as his students when he's with his pals. Stu, a dentist, is worried about everything, especially what his controlling girlfriend Melissa thinks. Because she disapproves of traditional male bonding rituals, Stu has to lie to her about the stag, he telling her that they are going on a wine tasting tour in the Napa Valley. Regardless, he intends on eventually marrying her, against the advice and wishes of his friends. And Alan seems to be unaware of what are considered the social graces of the western world... |
| 538 ## - SYSTEM DETAILS NOTE | |
| System details note | Dual Layer format, Colour, Widescreen 2.40:1, 5.1 Dolby digital |
| 546 ## - LANGUAGE NOTE | |
| Language note | English |
| 650 #0 - SUBJECT ADDED ENTRY--TOPICAL TERM | |
| Topical term or geographic name as entry element | Commedy |
| Form subdivision | Drama. |
| 9 (RLIN) | 33467 |
| 650 #0 - SUBJECT ADDED ENTRY--TOPICAL TERM | |
| Topical term or geographic name as entry element | Crime |
| Form subdivision | Drama. |
| 9 (RLIN) | 33469 |
| 700 1# - ADDED ENTRY--PERSONAL NAME | |
| Personal name | Todd Phillips., |
| Relator term | direction. |
| 9 (RLIN) | 33470 |
| 700 1# - ADDED ENTRY--PERSONAL NAME | |
| Personal name | Warner Bros. Pictures |
| Relator term | production. |
| 9 (RLIN) | 33471 |
| 700 1# - ADDED ENTRY--PERSONAL NAME | |
| Personal name | Christophe Beck |
| Relator term | music. |
| 9 (RLIN) | 33472 |
| 700 1# - ADDED ENTRY--PERSONAL NAME | |
| Personal name | Lawrence Sher |
| Relator term | director of photography |
| 9 (RLIN) | 33634 |
| 700 1# - ADDED ENTRY--PERSONAL NAME | |
| Personal name | Jon Lucas |
| Relator term | Story |
| 9 (RLIN) | 33526 |
| 700 1# - ADDED ENTRY--PERSONAL NAME | |
| Personal name | Debra Neil-Fisher |
| Relator term | editing |
| 9 (RLIN) | 33635 |
| 700 1# - ADDED ENTRY--PERSONAL NAME | |
| Personal name | Scott Moore |
| Relator term | Story |
| 9 (RLIN) | 33505 |
| 710 2# - ADDED ENTRY--CORPORATE NAME | |
| Corporate name or jurisdiction name as entry element | Reliance Big Entertainment (Mumbai, India) |
| 9 (RLIN) | 33473 |
| 856 ## - ELECTRONIC LOCATION AND ACCESS | |
| Uniform Resource Identifier | <a href="http://www.imdb.com/title/tt1119646/">http://www.imdb.com/title/tt1119646/</a> |
| 942 ## - ADDED ENTRY ELEMENTS (KOHA) | |
| Source of classification or shelving scheme | Dewey Decimal Classification |
| Item type | CD-ROMs, DVDs, VHS |
| Classification part | DVD |
| Call number suffix | HANG |
| Withdrawn status | Lost status | Source of classification or shelving scheme | Damaged status | Not for loan | Collection code | Home library | Current library | Date acquired | Source of acquisition | Cost, normal purchase price | Total Checkouts | Total Renewals | Full call number | Barcode | Date last seen | Date last borrowed | Copy number | Cost, replacement price | Price effective from | Koha item type |
|---|---|---|---|---|---|---|---|---|---|---|---|---|---|---|---|---|---|---|---|---|
| Lost and Paid For | Dewey Decimal Classification | Fiction | Central Library | Central Library | 25/08/2011 | pioneer/1225/28.3.11 | 599.00 | 1 | 1 | DVD HANG | DVD-007351 | 02/03/2021 | 28/05/2012 | 1 | 599.00 | 25/08/2011 | CD-ROMs, DVDs, VHS | |||
| Dewey Decimal Classification | Fiction | Janak Puri | Janak Puri | 25/08/2011 | pioneer/1225/28.3.11 | 599.00 | 12 | DVD HANG | DVD-007353 | 06/01/2014 | 08/11/2013 | 1 | 599.00 | 25/08/2011 | CD-ROMs, DVDs, VHS | |||||
| Dewey Decimal Classification | Fiction | Karol Bagh | Karol Bagh | 25/08/2011 | pioneer/1225/28.3.11 | 599.00 | 7 | DVD HANG | DVD-007357 | 11/08/2014 | 28/07/2014 | 1 | 599.00 | 25/08/2011 | CD-ROMs, DVDs, VHS | |||||
| Dewey Decimal Classification | Fiction | Narela | Narela | 25/08/2011 | pioneer/1225/28.3.11 | 599.00 | DVD HANG | DVD-007358 | 25/08/2011 | 1 | 599.00 | 25/08/2011 | CD-ROMs, DVDs, VHS | |||||||
| Dewey Decimal Classification | Fiction | Patel Nagar | Patel Nagar | 25/08/2011 | pioneer/1225/28.3.11 | 599.00 | DVD HANG | DVD-007352 | 13/04/2012 | 1 | 599.00 | 25/08/2011 | CD-ROMs, DVDs, VHS | |||||||
| Dewey Decimal Classification | Fiction | R.K.Puram-8 | R.K.Puram-8 | 25/08/2011 | pioneer/1225/28.3.11 | 599.00 | 2 | DVD HANG | DVD-007355 | 07/09/2013 | 06/09/2013 | 1 | 599.00 | 25/08/2011 | CD-ROMs, DVDs, VHS | |||||
| Dewey Decimal Classification | Fiction | Sarojini Nagar | Sarojini Nagar | 25/08/2011 | pioneer/1225/28.3.11 | 599.00 | 26 | 1 | DVD HANG | DVD-007354 | 27/07/2018 | 14/07/2018 | 1 | 599.00 | 25/08/2011 | CD-ROMs, DVDs, VHS | ||||
| Dewey Decimal Classification | Fiction | Shahdara Branch | Shahdara Branch | 25/08/2011 | pioneer/1225/28.3.11 | 599.00 | DVD HANG | DVD-007359 | 25/08/2011 | 1 | 599.00 | 25/08/2011 | CD-ROMs, DVDs, VHS | |||||||
| Dewey Decimal Classification | Fiction | Vinoba Puri | Vinoba Puri | 25/08/2011 | pioneer/1225/28.3.11 | 599.00 | 11 | DVD HANG | DVD-007356 | 29/08/2018 | 13/08/2018 | 1 | 599.00 | 25/08/2011 | CD-ROMs, DVDs, VHS |
